|
|
|
|
| LEADER |
01772nam a2200421 i 4500 |
| 001 |
EBC1607891 |
| 003 |
MiAaPQ |
| 005 |
20200520144314.0 |
| 006 |
m o d | |
| 007 |
cr cnu|||||||| |
| 008 |
140225t20082008dcua ob 000 0 eng d |
| 035 |
|
|
|a (MiAaPQ)EBC1607891
|
| 035 |
|
|
|a (Au-PeEL)EBL1607891
|
| 035 |
|
|
|a (CaPaEBR)ebr10369433
|
| 035 |
|
|
|a (OCoLC)870245195
|
| 040 |
|
|
|a MiAaPQ
|b eng
|e rda
|e pn
|c MiAaPQ
|d MiAaPQ
|
| 043 |
|
|
|a s-ve---
|
| 050 |
|
4 |
|a HD9574.V42
|b .C678 2008
|
| 082 |
0 |
|
|a 338.272820987
|2 23
|
| 100 |
1 |
|
|a Costa, Mercedes da.
|
| 245 |
1 |
0 |
|a Constraints on the design and implementation of monetary policy in oil economies :
|b the case of Venezuela /
|c Mercedes da Costa and Victor Olivo.
|
| 264 |
|
1 |
|a [Washington, District of Columbia] :
|b International Monetary Fund,
|c 2008.
|
| 264 |
|
4 |
|c 2008
|
| 300 |
|
|
|a 1 online resource (49 pages) :
|b illustrations, tables.
|
| 336 |
|
|
|a text
|2 rdacontent
|
| 337 |
|
|
|a computer
|2 rdamedia
|
| 338 |
|
|
|a online resource
|2 rdacarrier
|
| 440 |
|
0 |
|a IMF working paper ;
|v WP/08/142
|
| 504 |
|
|
|a Includes bibliographical references.
|
| 588 |
|
|
|a Description based on online resource; title from PDF front page (ebrary, viewed February 25, 2014).
|
| 590 |
|
|
|a Electronic reproduction. Ann Arbor, MI : ProQuest, 2015. Available via World Wide Web. Access may be limited to ProQuest affiliated libraries.
|
| 650 |
|
0 |
|a Petroleum industry and trade
|z Venezuela
|x Econometric models.
|
| 650 |
|
0 |
|a Fiscal policy
|z Venezuela
|x Econometric models.
|
| 650 |
|
0 |
|a Monetary policy
|z Venezuela
|x Econometric models.
|
| 655 |
|
4 |
|a Electronic books.
|
| 700 |
1 |
|
|a Olivo, Victor.
|
| 797 |
2 |
|
|a ProQuest (Firm)
|
| 856 |
4 |
0 |
|u https://ebookcentral.proquest.com/lib/matrademy/detail.action?docID=1607891
|z Click to View
|